WordPerfect, dBASE III Plus, and SuperCalc4

Gespeichert in:
Bibliographische Detailangaben
Format: Buch
Sprache:Englisch
Veröffentlicht: St. Louis Times Mirror/Mosby College Pub. 1987
Ausgabe:1. ed.
Schlagworte:
Tags: Tag hinzufügen
Keine Tags, Fügen Sie das erste Tag hinzu!

MARC

LEADER 00000nam a2200000 4500
001 c000343
005 20221219121246.0
020 |a 0-8106-5038-0 
041 0 |a eng 
044 |a US 
245 1 0 |a WordPerfect, dBASE III Plus, and SuperCalc4 
250 |a 1. ed. 
264 1 |a St. Louis  |b Times Mirror/Mosby College Pub.  |c 1987 
300 |a 178 s. 
610 2 0 |a WordPerfect 
610 2 0 |a dBASE III PLUS 
610 2 0 |a SuperCalc 4 
610 2 0 |a programy aplikačné 
610 2 0 |a programy počítačové 
610 2 0 |a využitie počítačov 
610 2 0 |a mikropočítače 
610 2 0 |a softvér 
610 2 0 |a spracovanie textov 
610 2 0 |a báza dát 
610 2 0 |a grafika počítačová 
610 2 0 |a spracovanie dát automatické